Normal view
MARC view
- البيئة الصحراوية -الاردن
Entry Topical Term
001 - CONTROL NUMBER
- control field: 56348
003 - CONTROL NUMBER IDENTIFIER
- control field: JO-AjAnu
005 - DATE AND TIME OF LATEST TRANSACTION
- control field: 20230606083232.0
008 - FIXED-LENGTH DATA ELEMENTS
- fixed length control field: 230606|| aca||aabn | a|a d
040 ## - CATALOGING SOURCE
- Original cataloging agency: JO-AjAnu
- Transcribing agency: JO-AjAnu
150 ## - HEADING--TOPICAL TERM
- Topical term or geographic name entry element: البيئة الصحراوية -الاردن
670 ## - SOURCE DATA FOUND
- Source citation: Work cat.: (JO-AjAnu)28754: الجمعية العلمية لمكافحة التصحر وتنمية البادية؛ تحرير وتدقيق محمد حرب... وآخرون, author 56347, نحو مكافحة التصحر وتنمية البادية: اليوم العلمي الأول للجمعية الأردنية لمكافحة التصحر وتنمية البادية بالتعاون مع نقابة المهندسين الزراعيين5/9/1995